| 000 | 00370 a2200109 4500 | ||
|---|---|---|---|
| 001 | ART_51683 | ||
| 005 | 20260410162008.0 | ||
| 008 | 260409a | ||
| 245 | 1 | 0 | _aLos conjuntos inmobiliarios y su obligación de regularizar su situación jurídica |
| 100 | 1 | _aHumphreys, Ethel | |
| 773 | 0 |
_tTemas de derecho civil _g- Año 7, N° 2 (feb. 2021) _wREV34778 |
|
| 999 |
_c31917 _d31917 |
||